Kinh tế Việt Nam trước thế kỉ 21 - cơ hội và thách thức
Sách trình bày bốn vấn đề lớn trong chiến lược phát triển kinh tế của Việt Nam vào thế kỷ XXI: *) Hội nhập với kinh tế - thế giới và khu vực - một tất yếu khách quan và là nhu cầu phát triển. *) Những dấu hiệu mới đòi hỏi phải tiế...
Gorde:
| Egile nagusia: | |
|---|---|
| Formatua: | Liburua |
| Hizkuntza: | Undetermined |
| Argitaratua: |
Hà Nội
Chính trị Quốc gia
1998
|
| Gaiak: | |
| Etiketak: |
Etiketa erantsi
Etiketarik gabe, Izan zaitez lehena erregistro honi etiketa jartzen!
|
| Thư viện lưu trữ: | Trung tâm Học liệu Trường Đại học Cần Thơ |
|---|
| LEADER | 01182nam a2200181Ia 4500 | ||
|---|---|---|---|
| 001 | CTU_22947 | ||
| 008 | 210402s9999 xx 000 0 und d | ||
| 082 | |a 330.9 | ||
| 082 | |b T500 | ||
| 100 | |a Nguyễn Minh Tú | ||
| 245 | 0 | |a Kinh tế Việt Nam trước thế kỉ 21 - cơ hội và thách thức | |
| 245 | 0 | |c Nguyễn Minh Tú | |
| 260 | |a Hà Nội | ||
| 260 | |b Chính trị Quốc gia | ||
| 260 | |c 1998 | ||
| 520 | |a Sách trình bày bốn vấn đề lớn trong chiến lược phát triển kinh tế của Việt Nam vào thế kỷ XXI: *) Hội nhập với kinh tế - thế giới và khu vực - một tất yếu khách quan và là nhu cầu phát triển. *) Những dấu hiệu mới đòi hỏi phải tiếp tục cải cách kinh tế. *) Phương hướng và chỉ đạo của tiếp tục đổi mới. *) Những chủ trương, biện pháp, chính sách kinh tế chủ yếu | ||
| 650 | |a vietnam - economic aspects,vietnam - economic conditions - 21th century | ||
| 980 | |a Trung tâm Học liệu Trường Đại học Cần Thơ | ||